[Event "Balatonbereny op"]
[Site "Balatonbereny"]
[Date "1994.??.??"]
[Round "3"]
[White "Videki, Sandor"]
[Black "Moskalenko, Viktor"]
[Result "0-1"]
[WhiteElo "2435"]
[BlackElo "2520"]

1.e4 e6 2.d4 d5 3.Nc3 Nf6 4.e5 Nfd7 5.f4 c5 6.Nf3 Nc6 7.Be3 a6 8.Qd2 b5 9.dxc5 Bxc5
10.Bxc5 Nxc5 11.Qf2 Qb6 12.Bd3 Rb8 13.O-O Na4 14.Nxa4 bxa4 15.b3 Ke7 16.Rfb1 a3
17.c3 Qxf2+ 18.Kxf2 a5 19.Ke3 Bd7 20.Nd4 Nxd4 21.Kxd4 Bb5 22.Rf1 Bxd3 23.Kxd3 g6
24.Rad1 Rhc8 25.g4 Rb5 26.f5 Rbc5 27.Rc1 d4 28.f6+ Ke8 29.Kxd4 Rd5+ 30.Ke4 Rd2
31.Rfd1 Rxa2 32.Ra1 Re2+ 33.Kf3 Rxh2 34.Rxa3 Rxc3+ 35.Ke4 Re2+ 36.Kd4 Rc8
37.Rh1 Rd8+ 38.Kc3 Rxe5 39.Rxh7 Rc5+ 40.Kb2 Rd2+ 41.Kb1 Rd1+ 42.Kb2 Rd2+
43.Kb1 Re5 44.Kc1 Rf2 45.Kd1 Rxf6 46.b4 Rd5+ 47.Ke2 axb4  0-1

[Event "Balatonbereny op"]
[Site "Balatonbereny"]
[Date "1994.??.??"]
[Round "7"]
[White "Grabics, Monika"]
[Black "Zatonskih, Anna"]
[Result "0-1"]
[WhiteElo "2325"]
[BlackElo "2235"]

1.e4 e6 2.d4 d5 3.Nc3 Nf6 4.e5 Nfd7 5.f4 c5 6.Nf3 Nc6 7.Be3 Qb6 8.Na4 Qa5+
9.c3 c4 10.b4 Qc7 11.Be2 Be7 12.O-O f5 13.exf6 Nxf6 14.Ne5 O-O 15.Rf3 Bd7
16.Nc5 Bc8 17.Rh3 b6 18.Na4 Bd7 19.Qc2 Be8 20.Rf1 Nxe5 21.fxe5 Bg6 22.Qd1 Ne4
23.Bh5 Rxf1+ 24.Kxf1 Rf8+ 25.Kg1 Bg5 26.Bxg6 hxg6 27.Qg4 Qf7 28.Qe2 Bxe3+
29.Rxe3 Nd2 30.h4 Qf1+ 31.Qxf1 Rxf1+ 32.Kh2 Ra1 33.Re2 Rxa2 34.Kh3 Rxa4 35.Rxd2 Ra3
36.Rc2 a5 37.bxa5 bxa5 38.Kg4 a4 39.Kg5 Kh7 40.g4 Rb3 41.h5 gxh5 42.gxh5 a3
43.Ra2 Rxc3 44.h6 Rb3 45.hxg7 Kxg7 46.Ra1 Kf7 47.Ra2 Ke7 48.Ra1 Kd7 49.Ra2 c3
50.Kf6 Rb7 51.Rh2 Rc7 52.Rh7+ Kc8 53.Rh8+ Kb7 54.Rh1 c2 55.Rc1 Rc6 56.Ke7 Kc7  0-1

[Event "Barcelona UGA"]
[Site "Barcelona"]
[Date "1994.??.??"]
[Round "11"]
[White "Rivera, Daniel"]
[Black "Moreno, Javier"]
[Result "1/2-1/2"]
[WhiteElo "2375"]
[BlackElo "2220"]

1.e4 e6 2.d4 d5 3.Nc3 Nf6 4.e5 Nfd7 5.f4 c5 6.Nf3 Nc6 7.Be3 cxd4 8.Nxd4 Bc5
9.Qd2 Nxd4 10.Bxd4 O-O 11.O-O-O a6 12.h4 b5 13.h5 b4 14.Ne2 a5 15.Kb1 Ba6
16.Qe3 Rc8 17.Bxc5 Nxc5 18.Ng3 Bxf1 19.Rhxf1 Qc7 20.Rc1 Na4 21.Ne2 Nb6 22.b3 a4
23.Qd4 Nc4 24.bxc4 dxc4 25.Rfd1 c3 26.Rd3 Qb7 27.Ng3 Qxg2 28.Qe4 Qh3 29.Rh1 Qg4
30.Qf3 Qxf3 31.Rxf3 Rfd8 32.Ne4 Rd4 33.Nd6 Rb8 34.Re1 Rd2 35.Rd3 Rh2 36.Nb7 b3
37.axb3 axb3 38.cxb3 h6 39.Na5 Rb2+ 40.Kc1 Ra2 41.Nc6 Rxb3 42.Ree3 Rbb2 43.Rd8+ Kh7
44.Rxc3 Rh2 45.Kb1 Rab2+ 46.Kc1 Rbf2 47.Rc4 Ra2  1/2-1/2

[Event "Oberliga Bayern9394"]
[Site "Bayern"]
[Date "1994.??.??"]
[Round "?"]
[White "Grabert, Ralf"]
[Black "Dengler, Peter"]
[Result "1/2-1/2"]
[WhiteElo "2245"]
[BlackElo "2330"]

1.e4 e6 2.d4 d5 3.Nc3 Nf6 4.e5 Nfd7 5.f4 c5 6.Nf3 Nc6 7.Be3 cxd4 8.Nxd4 Bc5
9.Qd2 a6 10.g3 O-O 11.Bg2 Bxd4 12.Bxd4 Nb6 13.b3 Nxd4 14.Qxd4 Bd7 15.O-O Rc8
16.Rf2 Qc7 17.Nd1 Qc5 18.Qxc5 Rxc5 19.Rd2 a5 20.a4 Rfc8 21.Ne3 Rc3 22.Kf2 Kf8
23.Bf1 Ke7 24.Rd4 f6 25.exf6+ gxf6 26.Bd3 Kd6 27.b4 Nxa4 28.bxa5 Nc5 29.Nc4+ Kc6
30.Nb6 Nxd3+ 31.cxd3 Kc5 32.Ke3 Rd8 33.Nxd7+ Rxd7 34.a6 bxa6 35.Rxa6 e5 36.Rda4 e4
37.R4a5+ Kb4 38.Ra4+ Kc5 39.R4a5+  1/2-1/2

[Event "Regionalliga SO9495"]
[Site "Bayern"]
[Date "1994.??.??"]
[Round "3"]
[White "Middelhoff, Cornelius"]
[Black "Kretschel, Klaus"]
[Result "1/2-1/2"]
[WhiteElo "2070"]
[BlackElo "2075"]

1.e4 e6 2.d4 d5 3.Nc3 Nf6 4.e5 Nfd7 5.f4 c5 6.Nf3 Nc6 7.Be3 cxd4 8.Nxd4 Nxd4
9.Bxd4 f5 10.exf6 Nxf6 11.Bb5+ Kf7 12.g4 Bb4 13.g5 Ne4 14.Qh5+ Kg8 15.O-O Bxc3
16.bxc3 Bd7 17.Bd3 Qe8 18.Qe2 Qg6 19.h4 Be8 20.c4 Qh5 21.Qxh5 Bxh5 22.cxd5 exd5
23.Bxe4 dxe4 24.f5 Kf7 25.Rab1 b6 26.f6 g6 27.Kf2 Rad8 28.c3 h6 29.Rb5 hxg5
30.hxg5 Bf3 31.Re5 Rd7 32.Kg3 Kf8 33.Re7 Rh7 34.Rg7 Rf7 35.Rxg6 Rh5 36.Be5 Rfh7
37.Kf2 Kf7 38.Rg7+ Rxg7 39.fxg7 Rxg5 40.Bd4 Rg2+ 41.Ke3 Rxa2 42.Rg1 Rg2 43.Ra1 a5
44.Rb1 Rg6 45.Rb5 Bg4 46.Kxe4 Bd7 47.Rb1 Bc6+ 48.Kf5 Bd7+ 49.Kf4 b5 50.Rf1 Be6
51.Ke4+ Ke7 52.Bc5+ Kd7 53.Rd1+ Kc6 54.Bd4 a4 55.Be5 Bb3 56.Ra1 Kc5 57.Kd3 Kd5
58.Bf6 Rg3+ 59.Kd2 Kc4 60.Bd4 b4 61.Rg1 bxc3+ 62.Kc1 Rxg1+ 63.Bxg1 Kb4 64.Bd4 Bg8
65.Bxc3+  1/2-1/2

[Event "JUG-chT Cup"]
[Site "Becici"]
[Date "1994.??.??"]
[Round "?"]
[White "Pikula, Dejan"]
[Black "Vulicevic, Branimir"]
[Result "1-0"]
[WhiteElo "2360"]
[BlackElo "2295"]

1.e4 e6 2.d4 d5 3.Nc3 Nf6 4.e5 Nfd7 5.f4 c5 6.Nf3 Nc6 7.Be3 a6 8.Qd2 b5 9.Qf2 cxd4
10.Nxd4 Nxd4 11.Bxd4 Qc7 12.Bd3 Bc5 13.Ne2 Bxd4 14.Nxd4 Nc5 15.O-O-O Bd7
16.Qh4 Qd8 17.Qg3 g6 18.h4 Qe7 19.h5 O-O-O 20.Rh3 Rdg8 21.hxg6 hxg6 22.Rdh1 Rxh3
23.Rxh3 Qd8 24.Qe1 Kb7 25.Rh7 Qc8 26.Kb1 Be8 27.g4 Kb6 28.a3 g5 29.f5 Nxd3
30.cxd3 exf5 31.gxf5 g4 32.e6 fxe6 33.Nxe6 d4 34.Qe5 Bd7 35.Qd6+ Bc6 36.Qxd4+ Ka5
37.b4+  1-0

[Event "Berliner Sommer"]
[Site "Berlin"]
[Date "1994.??.??"]
[Round "?"]
[White "Metz, Hartmut"]
[Black "Ulibin, Mikhail"]
[Result "1/2-1/2"]
[WhiteElo "2340"]
[BlackElo "2510"]

1.e4 e6 2.d4 d5 3.Nc3 Nf6 4.e5 Nfd7 5.f4 c5 6.Nf3 Nc6 7.Be3 Qb6 8.Na4 Qa5+
9.c3 c4 10.b4 Qc7 11.Be2 Be7 12.O-O f5 13.Bf2 Nf8 14.Bh4 Ng6 15.Bxe7 Ncxe7
16.Qd2 O-O 17.Ng5 h6 18.Nf3 b6 19.Nb2 a5 20.a3 Bd7 21.Rfb1 Ra6 22.Nd1 axb4
23.axb4 Rfa8 24.Rxa6 Rxa6 25.g3 Qa7 26.Rb2 Nc8 27.Kf2 Nge7 28.Ne3 Qa8 29.h3 Na7
30.Ra2 Nb5 31.Rxa6 Qxa6 32.Qb2 Bc8 33.Nd2 Kf8 34.Nb1 Qa7 35.h4 Nc6 36.Nc2 Qa4
37.Bf1 Nca7 38.Ke1 Qa6 39.Qa1 Qxa1 40.Nxa1 Ke7 41.Nc2  1/2-1/2

[Event "Bern op"]
[Site "Bern"]
[Date "1994.??.??"]
[Round "3"]
[White "Ziatdinov, Raset"]
[Black "Zueger, Beat"]
[Result "1-0"]
[WhiteElo "2450"]
[BlackElo "2425"]

1.e4 e6 2.d4 d5 3.Nc3 Nf6 4.e5 Nfd7 5.f4 c5 6.Nf3 Nc6 7.Be3 cxd4 8.Nxd4 Qb6
9.Qd2 Qxb2 10.Rb1 Qa3 11.Bb5 Nxd4 12.Bxd4 Bb4 13.O-O O-O 14.Rb3 Qa5 15.Qf2 Nb6
16.a3 Be7 17.Ne4 Nc4 18.Nf6+ Bxf6 19.exf6 Qd2 20.fxg7 Rd8 21.Bf6 Qxf2+ 22.Rxf2 Rd6
23.Rd3 Na5 24.Rh3 e5 25.fxe5 Rb6 26.Rxh7 Kxh7 27.Rf4  1-0

[Event "Bern op"]
[Site "Bern"]
[Date "1994.??.??"]
[Round "5"]
[White "Gallagher, Joseph G"]
[Black "Barsov, Alexei"]
[Result "0-1"]
[WhiteElo "2485"]
[BlackElo "2450"]

1.e4 e6 2.d4 d5 3.Nc3 Nf6 4.e5 Nfd7 5.f4 c5 6.Nf3 Nc6 7.Be3 a6 8.Qd2 cxd4
9.Nxd4 Bc5 10.O-O-O Nxd4 11.Bxd4 O-O 12.h4 b5 13.h5 b4 14.Na4 Bxd4 15.Qxd4 Qa5
16.b3 Bb7 17.f5 Bc6 18.f6 gxf6 19.exf6 Kh8 20.Bd3 Bxa4 21.Qf4 Rfe8 22.bxa4 Qxa4
23.Kb1 Nc5 24.g3 Rac8 25.Rh2 Qa3 26.Qh6 Nxd3 27.Rxd3 Rc3 28.Qe3 Rxd3 29.cxd3 Rc8
30.Rb2 Qc3 31.g4 Qxf6 32.Rxb4 h6 33.Rb3 Kh7 34.Qe2 Qf4 35.Qd1 a5 36.Rb7 Kg8
37.Rb3 a4 38.Rb7 Qd4 39.a3 Rc3 40.Rb8+ Kg7 41.g5 Qxd3+ 42.Qxd3 Rxd3 43.gxh6+ Kxh6
44.Rh8+ Kg7 45.Ra8 Rxa3 46.Kb2 Rh3 47.Rxa4 Rxh5  0-1

[Event "GER-ch"]
[Site "Binz"]
[Date "1994.??.??"]
[Round "1"]
[White "Mainka, Romuald"]
[Black "Hiebel, Johannes"]
[Result "1-0"]
[WhiteElo "2485"]
[BlackElo "2315"]

1.e4 e6 2.d4 d5 3.Nc3 Nf6 4.e5 Nfd7 5.f4 c5 6.Nf3 Nc6 7.Be3 cxd4 8.Nxd4 Qb6
9.Qd2 Qxb2 10.Rb1 Qa3 11.Bb5 Nxd4 12.Bxd4 Bb4 13.O-O a6 14.Rb3 Qa5 15.Rfb1 Qxb5
16.Rxb4 Qc6 17.a4 O-O 18.Qe3 b5 19.axb5 axb5 20.Nxb5 Ra2 21.c3 f6 22.Na7 Qa8
23.exf6 Nxf6 24.Nxc8 Qxc8 25.h3 Ra8 26.Qe5 Ne8 27.Rb7 Rf7 28.Rb8 Rxb8 29.Rxb8 Qd7
30.Ra8 Rf8 31.Ra7  1-0

[Event "GER-ch"]
[Site "Binz"]
[Date "1994.??.??"]
[Round "1"]
[White "Lau, Ralf"]
[Black "Kersten, Uwe"]
[Result "1-0"]
[WhiteElo "2515"]
[BlackElo "2345"]

1.e4 e6 2.d4 d5 3.Nc3 Nf6 4.e5 Ne4 5.Nce2 f6 6.f3 Ng5 7.exf6 Qxf6 8.Be3 Nc6
9.Qd2 Nf7 10.O-O-O Bd7 11.Ng3 O-O-O 12.f4 h5 13.h4 Bb4 14.c3 Bd6 15.Nf3 Na5
16.Ne5 Ba4 17.Re1 Bb3 18.Kb1 Bc4 19.Ne2 Nh6 20.b3 Bxe5 21.fxe5 Qg6+ 22.Kb2 Qe8
23.Bg5 Rd7 24.Qc2 Ba6 25.Nf4 Bxf1 26.Rhxf1 Rf7 27.Qg6 Rhf8 28.Rf3 Kd7 29.Rd1 Rxf4
30.Qxe8+ Kxe8 31.Bxf4  1-0

[Event "GER-ch"]
[Site "Binz"]
[Date "1994.??.??"]
[Round "1"]
[White "Enders, Peter"]
[Black "Proehl, Holger"]
[Result "1-0"]
[WhiteElo "2450"]
[BlackElo "2285"]

1.e4 e6 2.d4 d5 3.Nc3 Nf6 4.e5 Nfd7 5.f4 c5 6.Nf3 Nc6 7.Be3 cxd4 8.Nxd4 Qb6
9.Qd2 Qxb2 10.Rb1 Qa3 11.Bb5 Nxd4 12.Bxd4 Bb4 13.O-O a6 14.Rb3 Qa5 15.Rfb1 Be7
16.Bxd7+ Bxd7 17.Rxb7 Rc8 18.Qe3 Bc5 19.Ne2 Bxd4 20.Nxd4 Qc5 21.f5 exf5 22.e6 fxe6
23.Rxd7 e5 24.Qxe5+ Kxd7 25.Qxg7+ Kd6 26.Rb7  1-0

[Event "GER-ch"]
[Site "Binz"]
[Date "1994.??.??"]
[Round "6"]
[White "Schumacher, Olaf"]
[Black "Zach, Andreas"]
[Result "1/2-1/2"]
[WhiteElo "2285"]
[BlackElo "2230"]

1.e4 e6 2.d4 d5 3.Nc3 Nf6 4.e5 Ne4 5.Nce2 f6 6.f3 Ng5 7.exf6 Qxf6 8.Be3 g6
9.Qd2 Nf7 10.O-O-O Bg7 11.f4 c5 12.Nf3 Nc6 13.c3 c4 14.Ne5 Nd6 15.Ng3 Bd7
16.Be2 b5 17.Rde1 Ne7 18.f5 Nexf5 19.Rhf1 Qe7 20.Nxf5 exf5 21.Bg5 Qe6 22.Bf3 Ne4
23.Bxe4 dxe4 24.g4 O-O 25.gxf5 gxf5 26.Bf4 Kh8 27.Rg1 Rg8 28.Rg3 Bf6 29.Reg1 Rxg3
30.hxg3 Rg8 31.Rh1 Qe7 32.Rh6 Be8 33.Qh2 Bg5 34.Bxg5 Qxg5+ 35.Kb1 Rg7 36.a3 Kg8
37.Re6 Kf8 38.g4 f4 39.Qe2 e3 40.Qf3 Re7 41.Rxe7 Kxe7 42.Qb7+ Kf6 43.Ka2 h5
44.Qc8 Ke7 45.Qc7+ Kf8 46.Qd6+ Kg7 47.Qe6 Bg6 48.Qd7+ Kh6 49.Qe6 Kg7 50.Qd7+ Kf8  1/2-1/2

[Event "DLM"]
[Site "Binz"]
[Date "1994.??.??"]
[Round "6"]
[White "Rudolf, Henrik"]
[Black "Ellers, Holger"]
[Result "0-1"]
[WhiteElo "2245"]
[BlackElo "2275"]

1.e4 e6 2.d4 d5 3.Nc3 Nf6 4.e5 Nfd7 5.f4 c5 6.Nf3 Nc6 7.Be3 cxd4 8.Nxd4 Bc5
9.Qd2 O-O 10.O-O-O a6 11.h4 Nxd4 12.Bxd4 b5 13.h5 b4 14.Ne2 Qb6 15.h6 g6
16.Kb1 a5 17.g4 Ba6 18.Rh2 a4 19.Bh3 Bxe2 20.Rxe2 b3 21.cxb3 axb3 22.a3 Ra4
23.Bxc5 Nxc5 24.f5 Ne4 25.Qe3 Qc7 26.Qxb3 Raa8 27.fxe6 Rab8 28.exf7+ Rxf7
29.Qc2 Qxe5 30.Bg2 Rc7 31.Rxd5 Rxc2 32.Rxe5 Rbxb2+  0-1

[Event "Bled op (Women)"]
[Site "Bled"]
[Date "1994.??.??"]
[Round "?"]
[White "Grabics, Monika"]
[Black "Marusic, Nada"]
[Result "1-0"]
[WhiteElo "2295"]
[BlackElo "2025"]

1.e4 e6 2.d4 d5 3.Nc3 Nf6 4.e5 Nfd7 5.f4 c5 6.Nf3 b6 7.Be3 Ba6 8.Qd2 Bxf1
9.Rxf1 cxd4 10.Nxd4 Bb4 11.a3 Bxc3 12.Qxc3 Qh4+ 13.g3 Qxh2 14.Qc8+ Ke7 15.Qxh8 Qxg3+
16.Kd2 Nc5 17.Rae1 Kd7 18.f5 Ne4+ 19.Kc1 exf5 20.Nxf5 Qxe5 21.Bd4 Qe6 22.Nxg7 Qh6+
23.Be3 Qg6 24.Qe8+ Kd6 25.Bf4+ Kc5 26.b4+ Kc4 27.Qa4 Qxg7 28.b5+  1-0

[Event "Schneider mem"]
[Site "Budapest"]
[Date "1994.??.??"]
[Round "?"]
[White "Kosanski, Stanko"]
[Black "Pavlin, Vladimir"]
[Result "1/2-1/2"]
[WhiteElo "2425"]
[BlackElo "2320"]

1.e4 e6 2.d4 d5 3.Nc3 Nf6 4.e5 Nfd7 5.f4 c5 6.Nf3 Nc6 7.Be3 cxd4 8.Nxd4 Bc5
9.Qd2 Bxd4 10.Bxd4 Nxd4 11.Qxd4 Qb6 12.Qxb6 Nxb6 13.Nb5 Ke7 14.O-O-O Bd7
15.Nd4 h5 16.Bd3 g6 17.b3 a6 18.g3 Nc8 19.a4 Na7 20.Kb2 Nc6 21.c3 Rac8 22.h4 Rc7
23.Ne2 Na7 24.Rc1 Rhc8  1/2-1/2

[Event "Budapest FS06 IM-B"]
[Site "Budapest"]
[Date "1994.??.??"]
[Round "2"]
[White "Farago, Sandor"]
[Black "Daly, Colm"]
[Result "1-0"]
[WhiteElo "2390"]
[BlackElo "2265"]

1.e4 e6 2.d4 d5 3.Nc3 Nf6 4.e5 Nfd7 5.f4 c5 6.Nf3 Nc6 7.Ne2 Nb6 8.c3 cxd4
9.cxd4 h5 10.Nc3 Bd7 11.Bd3 a5 12.O-O a4 13.Be3 a3 14.b3 Nb4 15.Bb5 Rc8 16.Bxd7+ Qxd7
17.Qd2 Be7 18.Rac1 g6 19.Nb1 Nc6 20.Qe2 Na7 21.Rxc8+ Qxc8 22.Bc1 Qc6 23.Bxa3 Bxa3
24.Nxa3 Ke7 25.Qd2 Rc8 26.Qa5 Ra8 27.Ne1 Ke8 28.Nd3 Nb5 29.Qxb5 Rxa3 30.Qxc6+ bxc6
31.Rf2 Nc8 32.Rc2 Na7 33.Kf2 Kd7 34.Ke3 Kc7 35.g3 Kb6 36.h3 Nc8 37.g4 Ne7
38.Nc5 Ra8 39.a4 Ka5 40.b4+ Kxb4 41.Rb2+ Kc3 42.Rb3+ Kc2 43.Rb7 hxg4 44.hxg4 Nc8
45.Rxf7 Nb6 46.Rf6 Nc4+ 47.Kf2 Kc3 48.Nxe6 Rxa4 49.Rxg6 Ra2+ 50.Kf3 Nd2+
51.Kg3 Ne4+ 52.Kh3 c5 53.Nxc5 Kxd4 54.Nxe4 Kxe4 55.Rf6 Kf3 56.e6 Re2 57.f5 Kf4
58.Rf8 d4 59.Rd8 Re3+ 60.Kh4 d3 61.Kh5 Rh3+ 62.Kg6 Rg3 63.e7  1-0

[Event "Budapest FS06 IM-B"]
[Site "Budapest"]
[Date "1994.??.??"]
[Round "7"]
[White "Cicak, Slavko"]
[Black "Daly, Colm"]
[Result "1-0"]
[WhiteElo "2310"]
[BlackElo "2265"]

1.e4 e6 2.d4 d5 3.Nc3 Nf6 4.e5 Nfd7 5.Nce2 c5 6.c3 Nc6 7.f4 cxd4 8.cxd4 Nb6
9.Nf3 h5 10.Nc3 Bd7 11.Bd3 a5 12.O-O a4 13.a3 Be7 14.Qc2 g6 15.Bxg6 fxg6
16.Qxg6+ Kf8 17.f5 exf5 18.Bh6+ Rxh6 19.Qxh6+ Kf7 20.Qh7+ Kf8 21.Ne2 Qe8
22.e6 Bxe6 23.Nf4 Bf7 24.Qh8+ Bg8 25.Ne6+ Kf7 26.Rae1  1-0

[Event "Budapest FS02 IM-A"]
[Site "Budapest"]
[Date "1994.??.??"]
[Round "8"]
[White "Lengyel, Bela"]
[Black "Huber, Armin"]
[Result "1-0"]
[WhiteElo "2345"]
[BlackElo "2305"]

1.e4 e6 2.d4 d5 3.Nc3 Nf6 4.e5 Nfd7 5.f4 c5 6.Nf3 Nc6 7.Be3 cxd4 8.Nxd4 Qb6
9.Ncb5 Bc5 10.a3 a6 11.b4 Bxd4 12.Nxd4 Qc7 13.Be2 Nb6 14.O-O Bd7 15.c3 Nxd4
16.Bxd4 Bb5 17.f5 Bxe2 18.Qxe2 exf5 19.Rxf5 O-O 20.e6 f6 21.e7 Rfe8 22.Qe6+ Kh8
23.Rxf6  1-0

[Event "Cannes op"]
[Site "Cannes"]
[Date "1994.??.??"]
[Round "8"]
[White "Apicella, Manuel"]
[Black "Dolmatov, Sergey"]
[Result "1/2-1/2"]
[WhiteElo "2435"]
[BlackElo "2610"]

1.e4 e6 2.d4 d5 3.Nc3 Nf6 4.e5 Nfd7 5.f4 c5 6.Nf3 Qb6 7.Be3 cxd4 8.Bxd4 Bc5
9.Na4 Qa5+ 10.c3 Bxd4 11.Nxd4 Nc6 12.b4 Qd8 13.Bd3 Nb6 14.Nc5 a5 15.Nxc6 bxc6
16.a3 Nd7 17.Nxd7 Qxd7 18.O-O Ba6 19.c4 Bxc4 20.Bxc4 dxc4 21.Qxd7+ Kxd7 22.Rac1 axb4  1/2-1/2

[Event "Cappelle"]
[Site "Cappelle la Grande"]
[Date "1994.??.??"]
[Round "4"]
[White "Lane, Gary W"]
[Black "Dunnington, Angus J"]
[Result "1/2-1/2"]
[WhiteElo "2440"]
[BlackElo "2435"]

1.d4 e6 2.e4 d5 3.Nc3 Nf6 4.e5 Nfd7 5.f4 c5 6.Nf3 Qb6 7.Na4 Qc6 8.Nxc5 Nxc5
9.dxc5 Bxc5 10.Bd3 Qb6 11.c3 a5 12.Qb3 Nc6 13.Qxb6 Bxb6 14.Ke2 Bc5 15.Be3 b6  1/2-1/2

[Event "Cappelle op"]
[Site "Cappelle la Grande"]
[Date "1994.??.??"]
[Round "5"]
[White "Tseshkovsky, Vitaly"]
[Black "Chernin, Alexander"]
[Result "1/2-1/2"]
[WhiteElo "2515"]
[BlackElo "2630"]

1.e4 e6 2.d4 d5 3.Nc3 Nf6 4.e5 Nfd7 5.f4 c5 6.Nf3 Nc6 7.Be3 cxd4 8.Nxd4 Bc5
9.Qd2 Nxd4 10.Bxd4 Bxd4 11.Qxd4 Qb6 12.Qxb6 Nxb6 13.Nb5 Ke7 14.Kd2 Bd7 15.Nd4 a6
16.Rd1 Bb5 17.Bd3 g6 18.b3 Bxd3 19.cxd3 Nd7 20.Rc1 Rac8 21.Rhe1 f5 22.b4 Nb8
23.b5 axb5 24.Nxb5 Nd7 25.Rxc8 Rxc8 26.h4 Ra8 27.a3 Ra5 28.Rb1 Ke8 29.Rb4 Nc5
30.Ke2 Kd7 31.g3 Kc6 32.Nd4+ Kc7 33.Nb5+ Kc6  1/2-1/2

[Event "Cappelle op"]
[Site "Cappelle la Grande"]
[Date "1994.??.??"]
[Round "5"]
[White "Felsberger, Alfred"]
[Black "Kharkova, Elena"]
[Result "1-0"]
[WhiteElo "2390"]
[BlackElo "2195"]

1.e4 e6 2.d4 d5 3.Nc3 Nf6 4.e5 Nfd7 5.f4 c5 6.Nf3 Nc6 7.Be3 Qb6 8.Na4 Qa5+
9.c3 c4 10.b4 Qc7 11.Be2 Be7 12.O-O b5 13.Nb2 a5 14.a3 O-O 15.g4 f6 16.Qe1 Nb6
17.Rc1 axb4 18.axb4 Bd7 19.Bd1 Ra2 20.Rc2 Be8 21.exf6 Bxf6 22.Bc1 Bf7 23.Rg2 Nc8
24.h4 Nd6 25.h5 Be7 26.Bc2 Nd8 27.Ng5 h6 28.Nf3 Be8 29.Ne5 Ne4 30.Nd1 Ra1
31.Bb2 Ra6 32.Qe3 Bd6 33.Nf2 Bxe5 34.dxe5 Nxf2 35.Rfxf2 Qa7 36.Qe2 d4 37.cxd4 Bc6
38.Rg3 Bd5 39.Bb1 Nc6 40.f5 Qe7 41.f6 Qxb4 42.Rc3 Ra1 43.Qc2 Rxb1+ 44.Qxb1 Nxd4
45.Kh2 Qc5 46.Ba3 b4 47.Qxb4 Qxb4 48.Bxb4 Rf7 49.Ra3 Nb5 50.Ra5 Nd4 51.Kg3 Bb7
52.Rc5 Ba6 53.Bc3 Rd7 54.f7+ Kf8 55.Rc8+ Bxc8 56.Bb4+  1-0

[Event "USA-op"]
[Site "Chicago"]
[Date "1994.??.??"]
[Round "7"]
[White "Schiller, Eric"]
[Black "Schwartzman, Gabriel"]
[Result "1-0"]
[WhiteElo "2230"]
[BlackElo "2505"]

1.e4 e6 2.d4 d5 3.Nc3 Nf6 4.e5 Nfd7 5.f4 c5 6.Nf3 Nc6 7.Be3 Qb6 8.Qd2 Qxb2
9.Rb1 Qa3 10.dxc5 Bxc5 11.Bxc5 Qxc5 12.Bd3 a6 13.h4 Nb6 14.Rh3 Nc4 15.Bxc4 Qxc4
16.a3 b5 17.Ne2 Bd7 18.Nfd4 Nxd4 19.Nxd4 Rc8 20.Rbb3 O-O 21.Rhg3 f6 22.f5 exf5
23.Rbc3 Qa4 24.Qh6 Rf7 25.exf6 g6 26.Rxg6+ hxg6 27.Qxg6+ Kf8 28.Qh6+ Ke8
29.Qh8+ Rf8 30.Re3+ Kd8 31.Qxf8+ Kc7 32.Qc5+ Kb8 33.Qd6+ Rc7 34.Rc3 Qa5 35.Qxc7+  1-0

[Event "Copenhagen op16"]
[Site "Copenhagen"]
[Date "1994.??.??"]
[Round "7"]
[White "Schreiber, Edwin"]
[Black "Grabov, Steen"]
[Result "0-1"]
[WhiteElo "2025"]
[BlackElo "2285"]

1.e4 e6 2.d4 d5 3.Nc3 Nf6 4.e5 Ng8 5.f4 c5 6.Nf3 Nc6 7.Bb5 Bd7 8.O-O Nh6
9.Ne2 Nxe5 10.fxe5 Bxb5 11.Bxh6 gxh6 12.b3 cxd4 13.Nfxd4 Bc5 14.c3 Rg8 15.a4 Bxe2
16.Qxe2 a6 17.Qf3 Rg7 18.b4 Bxd4+ 19.cxd4 Rc8 20.Rac1 Kd7 21.a5 Qg5 22.Rxc8 Kxc8
23.Qc3+ Kb8 24.Rf2 Qe7 25.Rc2 Rg8 26.h3 f5 27.exf6 Qxf6 28.Qc7+ Ka8 29.Qb6 Qg6
30.Re2 Re8 31.Kh2 h5 32.h4 Qg4 33.Re5 Qxh4+ 34.Kg1 Rc8 35.Kf1 Qf4+ 36.Ke2 Rc2+  0-1

[Event "Copenhagen op16"]
[Site "Copenhagen"]
[Date "1994.??.??"]
[Round "7"]
[White "Mortensen, Erling"]
[Black "Fries Nielsen, Jens Ove"]
[Result "0-1"]
[WhiteElo "2470"]
[BlackElo "2395"]

1.e4 e6 2.d4 d5 3.Nc3 Nf6 4.e5 Nfd7 5.Nf3 c5 6.Bb5 a6 7.Bxd7+ Bxd7 8.Be3 cxd4
9.Qxd4 Nc6 10.Qf4 f5 11.O-O-O Ne7 12.h4 Rc8 13.Kb1 Ng6 14.Qd4 Bc5 15.Qd3 Qb6
16.h5 Ne7 17.h6 g6 18.Bxc5 Qxc5 19.Nd4 O-O 20.f4 Nc6 21.Nce2 Na5 22.Rhg1 Nc4
23.Ka1 Kh8 24.g4 fxg4 25.Rxg4 Qe7 26.Ng3 Qb4 27.b3 Na3 28.Nge2 Bb5 29.Qd2 Qe7
30.Nc3 Bd7 31.Re1 Qb4 32.Re3 Qxd4  0-1

[Event "Djakovo op"]
[Site "Djakovo"]
[Date "1994.??.??"]
[Round "4"]
[White "Kinez, Ivo"]
[Black "Lesic, Gordan"]
[Result "1-0"]
[WhiteElo "2135"]
[BlackElo "2235"]

1.e4 e6 2.d4 d5 3.Nc3 Nf6 4.e5 Nfd7 5.f4 c5 6.Nf3 Nc6 7.Be3 Qb6 8.Na4 Qa5+
9.c3 c4 10.b4 Qc7 11.Be2 b5 12.Nc5 a5 13.a3 Be7 14.O-O O-O 15.Qc2 Nxc5 16.dxc5 axb4
17.axb4 Bb7 18.Qb2 f6 19.Nd4 Nxd4 20.Bxd4 f5 21.g4 g6 22.Bf3 Bc6 23.Qg2 Kh8
24.Kh1 Qb7 25.Rxa8 Qxa8 26.Qg3 Qd8 27.Rg1 fxg4 28.Bxg4 Bd7 29.c6 Bc8 30.Qh3 Rxf4
31.Be3 Re4 32.Bd1 Rh4 33.Qg2 Qe8 34.Bg4 Qxc6 35.Bf3 Qe8 36.Bg5 Bb7 37.Bxh4 Bxh4
38.Qg4 Bd8 39.Ra1 Bb6 40.Qg5 Qf7 41.Bg2 d4 42.cxd4 Bxd4 43.Qd8+ Kg7 44.Qxd4  1-0

[Event "Djakovo op"]
[Site "Djakovo"]
[Date "1994.??.??"]
[Round "6"]
[White "Zelcic, Robert"]
[Black "Kovacevic, Blazimir"]
[Result "1-0"]
[WhiteElo "2460"]
[BlackElo "2350"]

1.e4 e6 2.d4 d5 3.Nc3 Nf6 4.e5 Nfd7 5.f4 c5 6.Nf3 Nc6 7.Be3 a6 8.Qd2 b5 9.dxc5 Bxc5
10.Bxc5 Nxc5 11.Qf2 Qb6 12.Bd3 b4 13.Ne2 a5 14.O-O Ba6 15.Kh1 Rb8 16.Bxa6 Nxa6
17.Qg3 O-O 18.Qh3 Nc5 19.Ng3 f5 20.exf6 Rxf6 21.Nh5 Rh6 22.f5 Rf8 23.Ng5 Ne7
24.fxe6 Nxe6 25.Nxe6 Rxf1+ 26.Rxf1 Qxe6 27.Qf3 Ng6 28.h3 Kh8 29.g4 Qe4 30.Qxe4 dxe4
31.Re1 Nf8 32.Rxe4 Rc6 33.Re2 Kg8 34.Nf4 Kf7 35.Rf2 Ne6 36.c3 Rc4 37.Nd5+ Kg6
38.cxb4 axb4 39.b3 Rd4 40.Ne7+ Kg5 41.Rf5+  1-0

[Event "Dresden op"]
[Site "Dresden"]
[Date "1994.??.??"]
[Round "?"]
[White "Lau, Ralf"]
[Black "Gleizerov, Evgeny"]
[Result "1/2-1/2"]
[WhiteElo "2515"]
[BlackElo "2520"]

1.e4 e6 2.d4 d5 3.Nc3 Nf6 4.e5 Nfd7 5.Nce2 c5 6.c3 cxd4 7.cxd4 f6 8.exf6 Nxf6
9.Nf3 Nc6 10.Nc3 Bd6 11.Bb5 O-O 12.O-O Qc7 13.h3 Bd7 14.Re1 Rae8 15.Be3 a6
16.Bf1 Qb8 17.a3 Re7 18.b4 Be8 19.b5 axb5 20.Nxb5 Bf4 21.Bxf4 Qxf4 22.Qc1 Ne4
23.Qxf4 Rxf4 24.Re3 Bh5 25.Be2 h6 26.a4 g5 27.Ne1 Bxe2 28.Rxe2 Nf6 29.Rd1 Nd7
30.g3 Rf8 31.Nd3 Ra8 32.Ra1 Ra5 33.Kg2 Nb6 34.Nc5 Nxa4 35.Rxe6 Nxc5 36.Rxe7 Rxa1
37.Re8+ Kg7  1/2-1/2

[Event "Dresden op"]
[Site "Dresden"]
[Date "1994.??.??"]
[Round "?"]
[White "Ulibin, Mikhail"]
[Black "Klyszcz, Michael"]
[Result "1-0"]
[WhiteElo "2510"]
[BlackElo "2015"]

1.d4 e6 2.e4 d5 3.Nc3 Nf6 4.e5 Nfd7 5.f4 c5 6.Nf3 Nc6 7.Be3 cxd4 8.Nxd4 a6
9.Qg4 Qa5 10.O-O-O f5 11.exf6 Nxf6 12.Qg5 Ba3 13.Kb1 Qb6 14.Na4 Qb4 15.Qxg7 Rf8
16.Nxc6 Qxa4 17.Ne5 Bd6 18.Bd3 Bxe5 19.fxe5 Rf7 20.exf6 Rxg7 21.fxg7 Kf7
22.Bh6 Bd7 23.Rdf1+ Ke7 24.Rf8  1-0

[Event "Dresden op"]
[Site "Dresden"]
[Date "1994.??.??"]
[Round "?"]
[White "Voekler, Bernd"]
[Black "Gleizerov, Evgeny"]
[Result "0-1"]
[WhiteElo "2350"]
[BlackElo "2520"]

1.e4 e6 2.d4 d5 3.Nc3 Nf6 4.e5 Nfd7 5.f4 c5 6.Nf3 Nc6 7.Be3 a6 8.Qd2 b5 9.dxc5 Bxc5
10.Bxc5 Nxc5 11.Bd3 Qb6 12.Qf2 Rb8 13.O-O Na4 14.Qxb6 Rxb6 15.Nd1 O-O 16.b3 Nc5
17.Ne3 f5 18.exf6 gxf6 19.Rfe1 d4 20.Nf1 Nb4 21.Red1 Rd8 22.Ng3 Bb7 23.Ne2 Rbd6
24.Rd2 Kg7 25.Ng3 Rc8 26.Ne1 Kg8 27.Re2 Nd5 28.Nh5 Kf7 29.Rf2 Ne3 30.Ng3 f5
31.Nf1 Nd5 32.Nd2 Kf6 33.h3 Rg8 34.Kh2 Rd7 35.g3 Rdg7 36.Nef3 Nxd3 37.cxd3 Rxg3  0-1

[Event "MON"]
[Site "Erdenet"]
[Date "1994.??.??"]
[Round "?"]
[White "Ganbold, Odondoo"]
[Black "Tuvsanaa, Nyamaa"]
[Result "1/2-1/2"]
[WhiteElo "2325"]
[BlackElo "2280"]

1.e4 e6 2.d4 d5 3.Nc3 Nf6 4.e5 Nfd7 5.Nce2 c5 6.c3 Nc6 7.f4 b5 8.Nf3 b4 9.Ng3 Qb6
10.Kf2 Be7 11.h4 f6 12.Be3 O-O 13.Rh3 bxc3 14.bxc3 Qb2+ 15.Ne2 Ba6 16.Rc1 Rab8
17.Kg1 Qxa2 18.exf6 Nxf6 19.Ra1 Bxe2 20.Bxe2 Qb2 21.Ng5 Ne4 22.Nxe4 dxe4
23.Bc4 cxd4 24.Bxe6+ Kh8 25.cxd4 Bf6 26.Ra4 Rb4 27.d5 Nd4 28.Rxa7 Nc2 29.Bc5 Bd4+
30.Bxd4 Rxd4 31.Qg4 Rd2 32.Rf7 Rxf7 33.Bxf7 Qc1+ 34.Kh2 Ne1 35.Rb3 Qc7 36.d6 Rxd6
37.Re3 Nd3 38.Rxe4 Rd8 39.Qe6 Qb8 40.g3 Nc5 41.Qe8+ Rxe8 42.Rxe8+ Qxe8 43.Bxe8 g6  1/2-1/2

[Event "FRA-chT "]
[Site "FRA"]
[Date "1994.??.??"]
[Round "9"]
[White "Mora, Virginie"]
[Black "Planchon, Corinne"]
[Result "1/2-1/2"]
[WhiteElo "2165"]
[BlackElo "1870"]

1.e4 e6 2.d4 d5 3.Nc3 Nf6 4.e5 Nfd7 5.f4 c5 6.Nf3 Nc6 7.Be3 a6 8.Qd2 Be7
9.O-O-O c4 10.f5 b5 11.fxe6 fxe6 12.Nb1 b4 13.c3 Qa5 14.Bg5 Bf8 15.Be2 Rb8
16.Nh4 g6 17.Bh5 bxc3 18.Nxc3 Rg8 19.Rdf1 Bb4 20.Qf4 Rf8 21.Qg4 Ndxe5 22.dxe5 Nxe5
23.Rxf8+ Bxf8 24.Nxg6 hxg6 25.Bxg6+ Nxg6 26.Bd2 Ne7 27.Qh5+ Kd7 28.Ne4 Qd8
29.Nf6+ Kc6 30.Qe5 Qd6 31.Qc3 Bg7 32.Rf1 Nf5 33.Bg5 Bxf6 34.Bxf6 Qc5 35.Be5 Rb7
36.g4 Qe3+ 37.Qxe3 Nxe3 38.Rf8 Bd7 39.g5  1/2-1/2